000 00889nam a22002777a 4500
003 CHAP
005 20220817041951.0
008 971013s1979 r 00010 d
010 _a30327
011 _a31299
035 _a35411
040 _cCHAP
090 _aFolleto 5874
245 _aCornell Workshop on Agricultural and Rural Development in the People's Republic of China
260 _aIthaca :
_bCornell University,
_c1979
300 _a58 p.
490 _aCornell International Agriculture. Mimeograph
_v; 74
590 _aBATCH-UPD
_b10
_c20130110
_lUCH01
_h0200
590 _aCONVERSION
_b10
_c20130109
_lUCH01
_h1317
650 1 4 _aAgricultura
_xChina.
_91360
650 1 4 _aChina
_xCondiciones rurales.
_922555
830 0 _aCornell international agriculture mimeograph
_v; 74
901 _aBK
942 _cFOLL
949 _aFolleto 5874
_bBC
_cFOLL
_d-81861
_eTS1
_i35411
_mD
_si
999 _c30327
_d30327